Statistics for Creatures in the Harry Potter Wizarding World

Click here to take the quiz!

General Stats

  • This quiz has been taken 17 times
  • The average score is 24 of 100

Answer Stats

Creature % Correct
Hippogriff
85%
Dragon
77%
House Elf
77%
Goblin
77%
Centaur
77%
Phoenix
69%
Merperson
69%
Giant
69%
Griffin
69%
Unicorn
62%
Werewolf
62%
Winged Horse
62%
Pixie
62%
Grindylow
62%
Troll
62%
Niffler
54%
Red Cap
54%
Spirit
54%
Acromantula
46%
Flobberworm
46%
Fairy
46%
Boggart
46%
Blast-Ended Skrewt
46%
Bowtruckle
38%
Sphinx
38%
Basilisk
38%
Kappa
38%
Gnome
38%
Kneazle
31%
Giant Squid
31%
Fire Crab
31%
Ghoul
31%
Veela
23%
Crup
23%
Manticore
23%
Thunderbird
23%
Murtlap
23%
Yeti
23%
Ashwinder
15%
Salamander
15%
Leprechaun
15%
Ogre
15%
Knarl
15%
Doxy
15%
Banshee
15%
Demiguise
15%
Erumpent
15%
Billywig
15%
Fwooper
15%
Puffskein
8%
Porlock
8%
Pogrebin
8%
Ramora
8%
Quintaped
8%
Wampus Cat
8%
Re'em
8%
Runespoor
8%
Sea Serpent
8%
Shrake
8%
Snallygaster
8%
Snidget
8%
Streeler
8%
Tebo
8%
Mackled Malaclaw
8%
Plimpy
8%
Horklump
8%
Augurey
8%
Bundimun
8%
Chimaera
8%
Chizpurfle
8%
Clabbert
8%
Dugbog
8%
Erkling
8%
Glumbumble
8%
Graphorn
8%
Hidebehind
8%
Occamy
8%
Hodag
8%
Hippocampus
8%
Horned Serpent
8%
Mooncalf
8%
Imp
8%
Jarvey
8%
Jobberknoll
8%
Kelpie
8%
Lethifold
8%
Nundu
8%
Lobalug
8%
Moke
8%
Nogtail
8%
Obscurus
0%
Cockatrice
0%
Bicorn
0%
Marmite
0%
Flesh-Eating Slug
0%
Diricrawl
0%
Swooping Evil
0%
Giant Dung Beetle
0%
Glow Bug
0%
Wood Nymph
0%

Score Distribution

Percentile by Number Answered

Percent of People with Each Score

Your Score History

You have not taken this quiz